000 00411nam a22001697a 4500
005 20200316153654.0
008 200316b xxu||||| |||| 00| 0 eng d
020 _a9788123702470
041 _aeng
100 _aKHARE, R.P
_95221
245 _aANALYSIS INSTRUMENTATION: AN INTRODUCTION
250 _a1st, 1993
260 _aNEW DELHI
_bCBS
_c2019
300 _a208;p
650 _aPHARMACY
_95222
942 _cBK
999 _c6114
_d6112